<?xml version="1.0" encoding="UTF-8"?>
<record
    xmlns:xsi="http://www.w3.org/2001/XMLSchema-instance"
    xsi:schemaLocation="http://www.loc.gov/MARC21/slim http://www.loc.gov/standards/marcxml/schema/MARC21slim.xsd"
    xmlns="http://www.loc.gov/MARC21/slim">

  <leader>02457nam a22002657a 4500</leader>
  <controlfield tag="003">OSt</controlfield>
  <controlfield tag="005">20260512153935.0</controlfield>
  <controlfield tag="008">251023b        |||||||| |||| 00| 0 eng d</controlfield>
  <datafield tag="022" ind1=" " ind2=" ">
    <subfield code="a">1472-3891</subfield>
  </datafield>
  <datafield tag="040" ind1=" " ind2=" ">
    <subfield code="a">English</subfield>
    <subfield code="c">tbs</subfield>
  </datafield>
  <datafield tag="041" ind1=" " ind2=" ">
    <subfield code="a">English</subfield>
  </datafield>
  <datafield tag="100" ind1=" " ind2=" ">
    <subfield code="a">Bionyi Nyoh, Israel</subfield>
    <subfield code="9">26443</subfield>
  </datafield>
  <datafield tag="245" ind1=" " ind2=" ">
    <subfield code="a">How multinational civil society organisations and non&#x2010;governmental organisations lobby policy for human rights in Africa</subfield>
    <subfield code="c">/ Israel Bionyi Nyoh</subfield>
  </datafield>
  <datafield tag="260" ind1=" " ind2=" ">
    <subfield code="b">Journal of Public Affairs </subfield>
    <subfield code="c">2011</subfield>
  </datafield>
  <datafield tag="362" ind1=" " ind2=" ">
    <subfield code="a">J Public Affairs. 2020;20:e1903. https://doi.org/10.1002/pa.1903</subfield>
  </datafield>
  <datafield tag="500" ind1=" " ind2=" ">
    <subfield code="a">In recent years, the number of international non&#x2010;governmental organisations (INGOs) and international civil society organisations (ICSOs) trying to influence policy processes in Africa has increased considerably. These players increasingly play an important role in socio&#x2010;political and life of many African countries. To achieve certain political results, INGOs and ICSOs often lobby governments, using a variety of techniques. Though lobbying as a public relations (PR) technique is widely discussed in academic spheres, the debate on the relationship between transnational advocacy and lobbying as a PR practice is still marginal. This paper explores how INGOs and ICSOs lobby governments in Africa and examines via a case the effectiveness of activist lobbying in the continent.</subfield>
  </datafield>
  <datafield tag="520" ind1=" " ind2=" ">
    <subfield code="a">This conceptual paper explores the cultural dimensions of corporate political activity (CPA). Concerned that prior research into firms&#x2019; political actions has been insensitive to culture and its impact on corporate strategising, national culture is introduced as an explanatory factor behind managers&#x2019; political objectives and the strategies they prefer to use in pursuit of those objectives. The paper adds to existing research by unpacking and examining corporate political action at a deeper, more complex, human level. Understanding that corporate political strategies are affected by culture enables politically-active managers to anticipate, respond to and act on strategies pursued by competitor firms from other countries.</subfield>
  </datafield>
  <datafield tag="653" ind1=" " ind2=" ">
    <subfield code="a">Lobbying</subfield>
  </datafield>
  <datafield tag="653" ind1=" " ind2=" ">
    <subfield code="a">Public relations</subfield>
  </datafield>
  <datafield tag="653" ind1=" " ind2=" ">
    <subfield code="a">Civil society</subfield>
  </datafield>
  <datafield tag="653" ind1=" " ind2=" ">
    <subfield code="a">Human rights</subfield>
  </datafield>
  <datafield tag="653" ind1=" " ind2=" ">
    <subfield code="a">Africa</subfield>
  </datafield>
  <datafield tag="856" ind1=" " ind2=" ">
    <subfield code="u">https://bibliotheque.tbs-education.fr/Default/doc/bth/144300148/how-multinational-civil-society-organisations-and-non-governmental-organisations-lobby-policy-for-hu</subfield>
  </datafield>
  <datafield tag="942" ind1=" " ind2=" ">
    <subfield code="2">lcc</subfield>
  </datafield>
  <datafield tag="952" ind1=" " ind2=" ">
    <subfield code="0">0</subfield>
    <subfield code="1">0</subfield>
    <subfield code="2">lcc</subfield>
    <subfield code="4">0</subfield>
    <subfield code="7">0</subfield>
    <subfield code="a">TBS</subfield>
    <subfield code="b">TBS</subfield>
    <subfield code="d">2025-11-06</subfield>
    <subfield code="l">0</subfield>
    <subfield code="r">2025-11-06</subfield>
    <subfield code="u">https://bibliotheque.tbs-education.fr/Default/doc/bth/144300148/how-multinational-civil-society-organisations-and-non-governmental-organisations-lobby-policy-for-hu</subfield>
    <subfield code="w">2025-11-06</subfield>
    <subfield code="y">ARTICLE</subfield>
  </datafield>
  <datafield tag="999" ind1=" " ind2=" ">
    <subfield code="c">5154</subfield>
    <subfield code="d">5154</subfield>
  </datafield>
</record>
